Cranial Nerves Quiz - Statistics

General Stats
  • This quiz has been taken 5,242 times
  • The average score is 8 of 12
Answer Stats
Nerve % Correct
Optic
90%
Olfactory
80%
Facial
76%
Vagus
76%
Trigeminal
74%
Oculomotor
65%
Trochlear
65%
Abducens
63%
Hypoglossal
63%
Accessory
59%
Glossopharyngeal
57%
Vestibulocochlear
55%
No matching quizzes found
Score Distribution
Percent of People with Each Score
Percentile by Number Answered
Your Score History
You have not taken this quiz